| 000 | 00953nam a2200265Ia 4500 | ||
|---|---|---|---|
| 003 | GCL | ||
| 008 | 140319s9999 xx 000 0 ara d | ||
| 020 | _a7655433977 | ||
| 040 |
_aGCL / _cGCL |
||
| 082 | 0 | 4 |
_a658.045 _bم ح |
| 100 | 1 | _aمحمد مصطفى سليمان | |
| 245 | 1 | 0 |
_aحوكمة الشركات : _bومعالجة الفساد المالى والادارى ( دراسة مقارنة ) / _cمحمد مصطفى سليمان |
| 250 | _aالاولى | ||
| 260 |
_aالقاهرة : _bالدار الجامعية ، _c2006 |
||
| 300 |
_a424 ص ؛ _c24 سم |
||
| 650 | 0 | 4 | _aالاستثمار |
| 650 | 0 | 4 | _aالبنوك الاسلامية |
| 650 | 0 | 4 | _aالشركات |
| 650 | 0 | 4 | _aشركات القطاع العام |
| 650 | 0 | 4 | _aالشركات المساهمة |
| 650 | 0 | 4 | _aالشركات - تنظيم و ادارة |
| 650 | 0 | 4 | _aالشركات - المخالفات |
| 650 | 0 | 4 | _aحوكمة الشركات |
| 942 |
_2ddc _cBK |
||
| 999 |
_c8313 _d8313 |
||